LEADER 05413oam 2200709I 450 001 9910462180503321 005 20200520144314.0 010 $a1-283-60624-0 010 $a9786613918697 010 $a1-136-00138-7 010 $a0-12-385197-1 024 7 $a10.4324/9780123851970 035 $a(CKB)2670000000242208 035 $a(EBL)1024497 035 $a(OCoLC)811505686 035 $a(SSID)ssj0000711869 035 $a(PQKBManifestationID)11433523 035 $a(PQKBTitleCode)TC0000711869 035 $a(PQKBWorkID)10722071 035 $a(PQKB)11189971 035 $a(OCoLC)810924665 035 $a(MiAaPQ)EBC1024497 035 $a(Au-PeEL)EBL1024497 035 $a(CaPaEBR)ebr10603411 035 $a(CaONFJC)MIL391869 035 $a(OCoLC)900233878 035 $a(EXLCZ)992670000000242208 100 $a20180706d2012 uy 0 101 0 $aeng 135 $aur|n|---||||| 181 $ctxt 182 $cc 183 $acr 200 00$aSustainable hospitality and tourism as motors for development $ecase studies from developing regions of the world /$fedited by Philip Sloan, Claudia Simons-Kaufman and Willy Legrand 210 1$aNew York :$cRoutledge,$d2012. 215 $a1 online resource (497 p.) 300 $aDescription based upon print version of record. 311 $a1-138-08150-7 311 $a0-12-385196-3 320 $aIncludes bibliographical references and index. 327 $aCover; Title; Copyright; Contents; List of figures and tables; Contributors; Foreword; Editors' preface; Editors' biography; An overview of the book; How to use this book; 1 Introduction: scarcity of natural resources or 'Cockaigne'?; Part 1: What do we mean by development?; Part 2: Sustainability in tourism and hospitality; 2 The case of Inkaterra: pioneering ecotourism in Peru; 3 Integrated circuits as a tool for the development of sustainable tourism in the Amazon; 4 Bringing sustainability to the Brazilian hotel industry 327 $a5 Preferences regarding restoration and development at Copan Archeological Park, Honduras: linkages between setting, visitor experiences and sustainability6 Mamiraua?: community based ecotourism in a sustainable development reserve in the Amazon Basin; 7 Ecuador: Huaorani Ecolodge; 8 Tourism in the Peruvian Amazon: experiences of a private-communal partnership; 9 Key issues and challenges to the development of community-based ecotourism in Guatemala; 10 Tourism cluster among livestock: the case of Bonito (MS), Brazil; 11 Diversified nature tourism on St. Vincent 327 $a12 Can ecotourism support coral reef conservation? Experiences of Chumbe Island Coral Park Ltd in Zanzibar/Tanzania13 Blossoms & Butterflies, Waterfalls & Dragonflies: integrating insects in the hospitality and tourism industries through Swarm supposition; 14 Sustainable tourism development in the Masai Mara National Reserve Kenya: stakeholder perspectives; 15 Ecotourism in vulnerable regions: opportunities and obstacles to development - the case of Cantanhez, Guine?-Bissau; 16 Minimission-Tourism in Ethiopia: a new subspecies of sustainable volunteer tourism?; 17 Botswana: The Selinda Reserve 327 $a18 Sustainable development of a remote tourist destination: the case of Soomaa National Park, Estonia19 Challenges in rural ethnic tourism development: a case study from Yunnan, China; 20 Hotel Management education in Bhutan: teaching sustainable principles; 21 Investigating potential benefits of proposed eco-retrofits to an existing tourist lodge in The Sundarbans, India; 22 Urban green parks: sustainable tourism, biodiversity and quality of life: a case study; 23 Philippine sustainable tourism initiatives: issues and challenges 327 $a24 Turtle night watch nature tourism: sharing benefits to sustain local community and Sea Turtles in Rekawa sanctuary, Sri Lanka25 Six Senses Hideaway, Ninh Van Bay, Vietnam: where luxury meets sustainable tourism; 26 Tourist destinations with planned interventions: the success of Kumily in Kerala, India; 27 The development and promotion of guidelines for organic farms for sustainable tourism; Glossary; Index 330 $aIt is now widely agreed that the climate is changing, global resources are diminishing and biodiversity is suffering. Developing countries - many of them considered by the World Tourism Organization to be 'Top Emerging Tourism Destinations' (UNWTO, 2009) - are already suffering the full frontal effect of environmental degradation. The challenge for developing countries is a triple-edged sword, how can economic prosperity be achieved without the perpetual depletion of nature's reserves, the destruction of rural habitat and the dislocation of traditional societies? Many emerging nations are l 606 $aSustainable tourism$zDeveloping countries$vCase studies 606 $aHospitality industry$zDeveloping countries$vCase studies 608 $aElectronic books. 615 0$aSustainable tourism 615 0$aHospitality industry 676 $a338.4/791091724 701 $aLegrand$b Willy$0987072 701 $aSimons-Kaufman$b Claudia$0987073 701 $aSloan$b Philip$0987074 801 0$bMiAaPQ 801 1$bMiAaPQ 801 2$bMiAaPQ 906 $aBOOK 912 $a9910462180503321 996 $aSustainable hospitality and tourism as motors for development$92255620 997 $aUNINA LEADER 03477nam 22006615 450 001 9910787987903321 005 20230226050926.0 010 $a1-4426-6917-9 010 $a1-4426-6916-0 024 7 $a10.3138/9781442669161 035 $a(CKB)2670000000545814 035 $a(EBL)4669938 035 $a(SSID)ssj0001130230 035 $a(PQKBManifestationID)12483365 035 $a(PQKBTitleCode)TC0001130230 035 $a(PQKBWorkID)11109200 035 $a(PQKB)11456206 035 $a(CEL)447192 035 $a(OCoLC)872600892 035 $a(CaBNVSL)slc00234067 035 $a(MiAaPQ)EBC3291086 035 $a(MiAaPQ)EBC4669938 035 $a(DE-B1597)497008 035 $a(OCoLC)1046605401 035 $a(DE-B1597)9781442669161 035 $a(OCoLC)870181221 035 $a(MdBmJHUP)musev2_106529 035 $a(EXLCZ)992670000000545814 100 $a20180725d2018 fg 101 0 $aeng 135 $aur|n|---||||| 181 $ctxt 182 $cc 183 $acr 200 10$aDigital Currents $eHow Technology and the Public are Shaping TV News /$fRena Bivens 210 1$aToronto : $cUniversity of Toronto Press, $d[2018] 210 4$dİ2014 215 $a1 online resource (330 p.) 311 $a1-4426-4777-9 311 $a1-4426-1586-9 320 $aIncludes bibliographical references and index. 327 $a""Cover""; ""Copyright""; ""Contents""; ""Acknowledgments""; ""1a???Digital Media, Cultural Shifts, and Television News Production""; ""2a???Constraining News Production: The View from the Twentieth Century""; ""3a???The Technology-Autonomy-Constraint Model""; ""4a???Intake Phase: Information Producers and News Flow""; ""5a???Selection and Assignment Phase""; ""6a???News-Gathering, Story-Writing, and Transmission Phases""; ""7a???External Pressures: Audiences, Governments, and Public Relations""; ""8a???Making News: Power, Journalists, and the Public""; ""Notes""; ""Bibliography""; ""Index"" 330 8 $aAnnotation$bSocial media has irrevocably changed how people consume the news. With the distinction between professional and citizen journalists blurring like never before, Digital Currents illuminates the behind-the-scenes efforts of television newscasters to embrace the public's participation in news and information gathering and protect the integrity of professional journalism. Using interviews with more than one hundred journalists from eight networks in Canada and the United Kingdom, Rena Bivens takes the reader inside TV newsrooms to explore how news organisations are responding to the paradigmatic shifts in media and communication practices. The first book to examine the many ways that the public has entered the production of mainstream news, Digital Currents underscores the central importance of media literacy in the age of widespread news sources. 606 $aTelevision broadcasting of news 606 $aBroadcast journalism$xSocial aspects 606 $aBroadcast journalism$xTechnological innovations 608 $aElectronic books. 615 0$aTelevision broadcasting of news. 615 0$aBroadcast journalism$xSocial aspects. 615 0$aBroadcast journalism$xTechnological innovations. 676 $a070.4/30285 700 $aBivens$b Rena, $01550064 801 0$bDE-B1597 801 1$bDE-B1597 906 $aBOOK 912 $a9910787987903321 996 $aDigital Currents$93808624 997 $aUNINA